[Event "Team Championship Russia (Blitz, Women)"]
[Site "Sochi"]
[Date "2018.10.10"]
[Round "4.6"]
[White "Vinokur, Yuliya"]
[Black "Goncharova, Natalia"]
[Result "1-0"]
[BlackElo "1730"]
[WhiteElo "2044"]
[LiveChessVersion "1.4.8"]

1. d4 {[%clk 0:03:02]} Nf6 {[%clk 0:03:03]} 2. c4 {[%clk 0:03:03]} c5
{[%clk 0:03:04]} 3. d5 {[%clk 0:03:04]} b5 {[%clk 0:03:05]} 4. cxb5
{[%clk 0:03:05]} a6 {[%clk 0:03:06]} 5. b6 {[%clk 0:03:06]} Qxb6 {[%clk 0:03:06]}
6. Nc3 {[%clk 0:03:06]} g6 {[%clk 0:03:08]} 7. e4 {[%clk 0:03:07]} Bg7
{[%clk 0:03:08]} 8. a4 {[%clk 0:03:07]} O-O {[%clk 0:03:08]} 9. Nf3
{[%clk 0:03:00]} d6 {[%clk 0:03:08]} 10. Bd3 {[%clk 0:02:57]} Nbd7
{[%clk 0:03:00]} 11. a5 {[%clk 0:02:50]} Qb4 {[%clk 0:02:56]} 12. O-O
{[%clk 0:02:34]} c4 {[%clk 0:02:53]} 13. Ra4 {[%clk 0:02:33]} Qb7
{[%clk 0:02:37]} 14. Rxc4 {[%clk 0:02:17]} Nc5 {[%clk 0:02:38]} 15. Bc2
{[%clk 0:02:15]} Bg4 {[%clk 0:02:30]} 16. h3 {[%clk 0:01:51]} Bd7
{[%clk 0:02:25]} 17. b4 {[%clk 0:01:33]} Bb5 {[%clk 0:02:15]} 18. Nxb5
{[%clk 0:01:32]} axb5 {[%clk 0:02:16]} 19. Rd4 {[%clk 0:01:32]} Na6
{[%clk 0:02:04]} 20. Qd2 {[%clk 0:01:05]} Rac8 {[%clk 0:02:04]} 21. Ba3
{[%clk 0:00:48]} Nh5 {[%clk 0:01:58]} 22. Rd3 {[%clk 0:00:47]} Rc4
{[%clk 0:01:55]} 23. Rb3 {[%clk 0:00:45]} Rfc8 {[%clk 0:01:50]} 24. Bd3
{[%clk 0:00:46]} R4c7 {[%clk 0:01:35]} 25. Rbb1 {[%clk 0:00:40]} Nf6
{[%clk 0:01:33]} 26. Qe2 {[%clk 0:00:35]} Rc3 {[%clk 0:01:32]} 27. Bb2
{[%clk 0:00:36]} Rb3 {[%clk 0:01:31]} 28. Bxf6 {[%clk 0:00:36]} Rxb1
{[%clk 0:01:31]} 29. Rxb1 {[%clk 0:00:37]} Bxf6 {[%clk 0:01:31]} 30. Bxb5
{[%clk 0:00:38]} Nc7 {[%clk 0:01:16]} 31. Bc6 {[%clk 0:00:38]} Qa7
{[%clk 0:01:15]} 32. Qd3 {[%clk 0:00:29]} Rb8 {[%clk 0:01:12]} 33. Nd2
{[%clk 0:00:25]} Be5 {[%clk 0:01:01]} 34. Nc4 {[%clk 0:00:25]} Bg7
{[%clk 0:00:59]} 35. b5 {[%clk 0:00:20]} Qc5 {[%clk 0:00:48]} 36. b6
{[%clk 0:00:20]} Na6 {[%clk 0:00:49]} 37. Ne3 {[%clk 0:00:17]} Qxa5
{[%clk 0:00:48]} 38. b7 {[%clk 0:00:16]} Nc5 {[%clk 0:00:44]} 39. Qc2
{[%clk 0:00:15]} Qa7 {[%clk 0:00:39]} 40. Nc4 {[%clk 0:00:16]} Nxb7
{[%clk 0:00:38]} 41. Qb3 {[%clk 0:00:16]} Qd4 {[%clk 0:00:29]} 42. Bxb7
{[%clk 0:00:16]} Rxb7 {[%clk 0:00:30]} 43. Qxb7 {[%clk 0:00:17]} Qxc4
{[%clk 0:00:31]} 44. Qa8+ {[%clk 0:00:18]} Bf8 {[%clk 0:00:32]} 45. Qa1
{[%clk 0:00:17]} Qxe4 {[%clk 0:00:30]} 46. Qa5 {[%clk 0:00:18]} h5
{[%clk 0:00:25]} 47. Re1 {[%clk 0:00:17]} Qd4 {[%clk 0:00:23]} 48. Rc1
{[%clk 0:00:12]} Bh6 {[%clk 0:00:16]} 49. Rc8+ {[%clk 0:00:10]} Kg7
{[%clk 0:00:18]} 50. Qc3 {[%clk 0:00:10]} Qxc3 {[%clk 0:00:17]} 51. Rxc3
{[%clk 0:00:11]} Bd2 {[%clk 0:00:18]} 52. Rc7 {[%clk 0:00:12]} Bg5
{[%clk 0:00:19]} 53. Kf1 {[%clk 0:00:11]} Kf6 {[%clk 0:00:19]} 54. g3
{[%clk 0:00:12]} Ke5 {[%clk 0:00:20]} 55. f4+ {[%clk 0:00:13]} Bxf4
{[%clk 0:00:20]} 56. gxf4+ {[%clk 0:00:14]} Kxd5 {[%clk 0:00:19]} 57. Rxe7
{[%clk 0:00:15]} f6 {[%clk 0:00:17]} 58. Kf2 {[%clk 0:00:16]} g5 {[%clk 0:00:17]}
59. fxg5 {[%clk 0:00:17]} fxg5 {[%clk 0:00:18]} 60. Ke3 {[%clk 0:00:18]} g4
{[%clk 0:00:16]} 61. hxg4 {[%clk 0:00:19]} hxg4 {[%clk 0:00:17]} 62. Rg7
{[%clk 0:00:20]} Ke5 {[%clk 0:00:17]} 63. Rxg4 {[%clk 0:00:21]} d5
{[%clk 0:00:18]} 64. Rg5+ {[%clk 0:00:22]} Ke6 1-0

[Event "Team Championship Russia (Blitz, Women)"]
[Site "Sochi"]
[Date "2018.10.10"]
[Round "5.1"]
[White "Voit, Daria"]
[Black "Pogonina, Natalija"]
[Result "1/2-1/2"]
[BlackElo "2328"]
[WhiteElo "2415"]
[LiveChessVersion "1.4.8"]

1. Nf3 {[%clk 0:03:01]} d5 {[%clk 0:03:03]} 2. c4 {[%clk 0:03:02]} e6
{[%clk 0:03:03]} 3. g3 {[%clk 0:03:01]} Nf6 {[%clk 0:03:03]} 4. Bg2
{[%clk 0:03:02]} dxc4 {[%clk 0:03:03]} 5. Qa4+ {[%clk 0:03:02]} Bd7
{[%clk 0:03:04]} 6. Qxc4 {[%clk 0:03:03]} c5 {[%clk 0:03:04]} 7. d4
{[%clk 0:03:01]} Bc6 {[%clk 0:02:56]} 8. O-O {[%clk 0:03:00]} Bd5
{[%clk 0:02:50]} 9. Qd3 {[%clk 0:02:47]} Be4 {[%clk 0:02:50]} 10. Qb5+
{[%clk 0:02:33]} Bc6 {[%clk 0:02:50]} 11. Qc4 {[%clk 0:02:31]} Bd5
{[%clk 0:02:50]} 12. Qd3 {[%clk 0:02:32]} Be4 {[%clk 0:02:44]} 13. Qc4
{[%clk 0:02:32]} Bd5 {[%clk 0:02:36]} 14. Qb5+ {[%clk 0:02:33]} Bc6
{[%clk 0:02:36]} 15. Qc4 {[%clk 0:02:33]} Bd5 {[%clk 0:02:21]} 16. Qb5+
{[%clk 0:02:31]} Bc6 {[%clk 0:02:22]} 17. Qc4 {[%clk 0:02:31]} Bd5
{[%clk 0:02:24]} 18. Qb5+ {[%clk 0:02:32]} Bc6 {[%clk 0:02:25]} 1/2-1/2

[Event "Team Championship Russia (Blitz, Women)"]
[Site "Sochi"]
[Date "2018.10.10"]
[Round "5.3"]
[White "Shuvalova, Polina"]
[Black "Guseva, Marina"]
[Result "1-0"]
[BlackElo "2292"]
[WhiteElo "2246"]
[LiveChessVersion "1.4.8"]

1. e4 {[%clk 0:03:03]} c5 {[%clk 0:03:02]} 2. Nf3 {[%clk 0:03:04]} d6
{[%clk 0:03:03]} 3. Bb5+ {[%clk 0:03:05]} Nc6 {[%clk 0:03:04]} 4. O-O
{[%clk 0:03:05]} Bd7 {[%clk 0:03:05]} 5. Re1 {[%clk 0:03:06]} Nf6
{[%clk 0:03:05]} 6. h3 {[%clk 0:03:05]} a6 {[%clk 0:03:06]} 7. Bf1
{[%clk 0:03:06]} e6 {[%clk 0:02:59]} 8. c3 {[%clk 0:03:06]} Be7 {[%clk 0:02:58]}
9. d4 {[%clk 0:03:07]} cxd4 {[%clk 0:02:58]} 10. cxd4 {[%clk 0:03:08]} d5
{[%clk 0:03:00]} 11. e5 {[%clk 0:03:06]} Ne4 {[%clk 0:03:01]} 12. Nbd2
{[%clk 0:03:04]} Nxd2 {[%clk 0:03:00]} 13. Bxd2 {[%clk 0:03:04]} O-O
{[%clk 0:03:01]} 14. a3 {[%clk 0:03:01]} Na5 {[%clk 0:02:48]} 15. Rc1
{[%clk 0:02:54]} Nc4 {[%clk 0:02:35]} 16. Bxc4 {[%clk 0:02:48]} dxc4
{[%clk 0:02:36]} 17. Rxc4 {[%clk 0:02:48]} Bc6 {[%clk 0:02:38]} 18. Be3
{[%clk 0:02:39]} Qd5 {[%clk 0:02:38]} 19. Rc3 {[%clk 0:02:36]} Rad8
{[%clk 0:02:35]} 20. Qc2 {[%clk 0:02:31]} h6 {[%clk 0:02:21]} 21. Rd1
{[%clk 0:02:25]} f6 {[%clk 0:02:18]} 22. exf6 {[%clk 0:02:21]} Rxf6
{[%clk 0:02:19]} 23. Rd2 {[%clk 0:02:16]} Rxf3 {[%clk 0:02:18]} 24. gxf3
{[%clk 0:02:11]} Qxf3 {[%clk 0:02:20]} 25. Rxc6 {[%clk 0:02:03]} bxc6
{[%clk 0:02:18]} 26. Qb3 {[%clk 0:01:49]} Rd5 {[%clk 0:02:11]} 27. Qb8+
{[%clk 0:01:48]} Kh7 {[%clk 0:02:12]} 28. Qg3 {[%clk 0:01:35]} Qf7
{[%clk 0:02:12]} 29. Rc2 {[%clk 0:01:30]} Bg5 {[%clk 0:02:11]} 30. Rxc6
{[%clk 0:01:22]} Bxe3 {[%clk 0:01:58]} 31. Qxe3 {[%clk 0:01:23]} Rg5+
{[%clk 0:01:59]} 32. Kf1 {[%clk 0:01:08]} Rg6 {[%clk 0:01:52]} 33. Qe4
{[%clk 0:01:06]} Qf6 {[%clk 0:01:51]} 34. d5 {[%clk 0:00:47]} Qxb2
{[%clk 0:01:46]} 35. Rxe6 {[%clk 0:00:47]} Qc1+ {[%clk 0:01:46]} 36. Ke2
{[%clk 0:00:45]} Qb2+ 37. Ke3 {[%clk 0:00:33]} Qxa3+ {[%clk 0:01:41]} 38. Kf4
{[%clk 0:00:31]} Qc1+ {[%clk 0:01:24]} 39. Ke5 {[%clk 0:00:31]} Qg5+
{[%clk 0:01:19]} 40. Kd4 {[%clk 0:00:28]} Qd2+ {[%clk 0:01:09]} 41. Kc4
{[%clk 0:00:29]} Qa2+ {[%clk 0:01:04]} 42. Kc5 {[%clk 0:00:30]} Qa5+
{[%clk 0:01:04]} 43. Kc6 {[%clk 0:00:27]} Qb5+ {[%clk 0:01:03]} 44. Kc7
{[%clk 0:00:28]} Qc5+ {[%clk 0:01:01]} 45. Kb7 {[%clk 0:00:29]} Qb5+
{[%clk 0:01:01]} 46. Ka8 {[%clk 0:00:27]} 1-0

[Event "Team Championship Russia (Blitz, Women)"]
[Site "Sochi"]
[Date "2018.10.10"]
[Round "5.4"]
[White "Kovanova, Baira"]
[Black "Kovalevskaya, Ekaterina"]
[Result "1/2-1/2"]
[BlackElo "2284"]
[WhiteElo "2205"]
[LiveChessVersion "1.4.8"]

1. Nf3 {[%clk 0:03:02]} Nf6 {[%clk 0:03:03]} 2. g3 {[%clk 0:03:03]} d5
{[%clk 0:03:00]} 3. Bg2 {[%clk 0:03:03]} c5 {[%clk 0:02:57]} 4. d3
{[%clk 0:03:03]} Nc6 {[%clk 0:02:57]} 5. O-O {[%clk 0:03:03]} e5 {[%clk 0:02:58]}
6. Nbd2 {[%clk 0:02:53]} Be7 {[%clk 0:02:59]} 7. c3 {[%clk 0:02:36]} O-O
{[%clk 0:02:54]} 8. Qc2 {[%clk 0:02:37]} h6 {[%clk 0:02:47]} 9. e4
{[%clk 0:02:30]} dxe4 {[%clk 0:02:31]} 10. dxe4 {[%clk 0:02:30]} Be6
{[%clk 0:02:32]} 11. Nh4 {[%clk 0:01:46]} Re8 {[%clk 0:02:05]} 12. Nf5
{[%clk 0:01:45]} Bf8 {[%clk 0:02:05]} 13. Re1 {[%clk 0:01:22]} Qc7
{[%clk 0:01:58]} 14. Nf1 {[%clk 0:01:12]} Rad8 {[%clk 0:01:57]} 15. N1e3
{[%clk 0:01:11]} g6 {[%clk 0:01:48]} 16. Nh4 {[%clk 0:01:03]} Bg7
{[%clk 0:01:47]} 17. Qe2 {[%clk 0:00:47]} b6 {[%clk 0:01:42]} 18. h3
{[%clk 0:00:47]} Qc8 {[%clk 0:01:03]} 19. Kh2 {[%clk 0:00:48]} Qc7
{[%clk 0:00:58]} 20. Kg1 {[%clk 0:00:48]} Qc8 {[%clk 0:00:59]} 21. Kh2
{[%clk 0:00:49]} Qc7 {[%clk 0:01:00]} 1/2-1/2

[Event "Team Championship Russia (Blitz, Women)"]
[Site "Sochi"]
[Date "2018.10.10"]
[Round "5.5"]
[White "Bivol, Alina"]
[Black "Sukhareva, Evgeniya"]
[Result "1-0"]
[BlackElo "2186"]
[WhiteElo "2217"]
[LiveChessVersion "1.4.8"]

1. Nf3 {[%clk 0:03:03]} g6 {[%clk 0:03:03]} 2. d4 {[%clk 0:03:04]} Bg7
{[%clk 0:03:05]} 3. g3 {[%clk 0:03:05]} Nf6 {[%clk 0:03:06]} 4. Bg2
{[%clk 0:03:06]} O-O {[%clk 0:03:06]} 5. c4 {[%clk 0:03:01]} d6 {[%clk 0:02:59]}
6. O-O {[%clk 0:03:01]} Nfd7 {[%clk 0:02:53]} 7. Nc3 {[%clk 0:02:59]} c5
{[%clk 0:02:54]} 8. e3 {[%clk 0:02:29]} Nc6 {[%clk 0:02:52]} 9. b3
{[%clk 0:02:29]} a6 {[%clk 0:02:53]} 10. Bb2 {[%clk 0:02:29]} Rb8
{[%clk 0:02:54]} 11. Qd2 {[%clk 0:02:22]} cxd4 {[%clk 0:02:46]} 12. exd4
{[%clk 0:02:11]} b5 {[%clk 0:02:46]} 13. cxb5 {[%clk 0:02:05]} axb5
{[%clk 0:02:47]} 14. d5 {[%clk 0:01:58]} Nce5 {[%clk 0:02:47]} 15. Nd4
{[%clk 0:01:58]} b4 {[%clk 0:02:37]} 16. Nce2 {[%clk 0:01:53]} Ba6
{[%clk 0:02:19]} 17. Nc6 {[%clk 0:01:50]} Nxc6 {[%clk 0:02:11]} 18. dxc6
{[%clk 0:01:44]} Nc5 {[%clk 0:02:12]} 19. Bxg7 {[%clk 0:01:37]} Kxg7
{[%clk 0:02:13]} 20. Rfd1 {[%clk 0:01:35]} Qb6 {[%clk 0:02:08]} 21. Nf4
{[%clk 0:01:31]} Rfe8 {[%clk 0:01:21]} 22. Nd5 {[%clk 0:01:20]} Qxc6
{[%clk 0:01:22]} 23. Nxe7 {[%clk 0:01:13]} Qd7 {[%clk 0:00:30]} 24. Qd4+
{[%clk 0:00:53]} f6 {[%clk 0:00:30]} 25. Nd5 {[%clk 0:00:54]} Qf5
{[%clk 0:00:14]} 26. g4 {[%clk 0:00:45]} Qe5 {[%clk 0:00:14]} 27. Nc7
{[%clk 0:00:39]} Red8 {[%clk 0:00:11]} 28. Qxe5 {[%clk 0:00:37]} dxe5
{[%clk 0:00:08]} 29. Rdc1 {[%clk 0:00:35]} Nd3 {[%clk 0:00:03]} 30. Nxa6
{[%clk 0:00:24]} Rb6 {[%clk 0:00:04]} 31. Rc7+ {[%clk 0:00:22]} Kh6
{[%clk 0:00:05]} 32. Nc5 {[%clk 0:00:22]} Nf4 {[%clk 0:00:06]} 33. Bf3
{[%clk 0:00:22]} Rd2 {[%clk 0:00:06]} 34. Ne4 {[%clk 0:00:21]} Rb2
{[%clk 0:00:08]} 35. h4 {[%clk 0:00:21]} Nh3+ {[%clk 0:00:09]} 36. Kg2
{[%clk 0:00:22]} f5 {[%clk 0:00:10]} 37. g5+ {[%clk 0:00:22]} 1-0

[Event "Team Championship Russia (Blitz, Women)"]
[Site "Sochi"]
[Date "2018.10.10"]
[Round "5.6"]
[White "Chan, Naruna"]
[Black "Vasilevich, Irina"]
[Result "0-1"]
[BlackElo "2160"]
[WhiteElo "1991"]
[LiveChessVersion "1.4.8"]

1. e4 {[%clk 0:03:03]} c5 {[%clk 0:03:03]} 2. c3 {[%clk 0:03:02]} e6
{[%clk 0:03:01]} 3. d4 {[%clk 0:03:01]} d5 {[%clk 0:03:02]} 4. exd5
{[%clk 0:02:58]} exd5 {[%clk 0:03:03]} 5. Nf3 {[%clk 0:02:58]} Nc6
{[%clk 0:03:03]} 6. h3 {[%clk 0:02:28]} Bd6 {[%clk 0:03:00]} 7. Bd3
{[%clk 0:02:27]} Nge7 {[%clk 0:02:54]} 8. O-O {[%clk 0:02:26]} c4
{[%clk 0:02:52]} 9. Bc2 {[%clk 0:02:27]} Bf5 {[%clk 0:02:38]} 10. Re1
{[%clk 0:02:25]} O-O {[%clk 0:02:31]} 11. Bg5 {[%clk 0:02:19]} Bxc2
{[%clk 0:02:05]} 12. Qxc2 {[%clk 0:02:20]} f6 {[%clk 0:01:43]} 13. Be3
{[%clk 0:02:16]} Qd7 {[%clk 0:01:42]} 14. Nbd2 {[%clk 0:01:53]} Rfe8
{[%clk 0:01:35]} 15. Nf1 {[%clk 0:01:48]} Qf5 {[%clk 0:01:28]} 16. Qd2
{[%clk 0:01:40]} b5 {[%clk 0:01:20]} 17. Re2 {[%clk 0:01:23]} b4 {[%clk 0:01:15]}
18. Rae1 {[%clk 0:01:20]} Rab8 {[%clk 0:01:11]} 19. Ng3 {[%clk 0:01:14]} Bxg3
{[%clk 0:01:08]} 20. fxg3 {[%clk 0:01:15]} Ng6 {[%clk 0:00:53]} 21. Bf2
{[%clk 0:01:11]} Rxe2 {[%clk 0:00:50]} 22. Rxe2 {[%clk 0:01:06]} bxc3
{[%clk 0:00:49]} 23. bxc3 {[%clk 0:00:49]} h5 {[%clk 0:00:44]} 24. Kh2
{[%clk 0:00:49]} Kh7 {[%clk 0:00:43]} 25. Qe1 {[%clk 0:00:46]} Nce7
{[%clk 0:00:39]} 26. Rxe7 {[%clk 0:00:42]} Nxe7 {[%clk 0:00:35]} 27. Qxe7
{[%clk 0:00:42]} Rb2 {[%clk 0:00:35]} 28. Qe1 {[%clk 0:00:30]} Qc2
{[%clk 0:00:31]} 0-1

[Event "Team Championship Russia (Blitz, Women)"]
[Site "Sochi"]
[Date "2018.10.10"]
[Round "5.7"]
[White "Drozdova, Dina"]
[Black "Sukhareva, Valentina"]
[Result "0-1"]
[BlackElo "1886"]
[WhiteElo "2164"]
[LiveChessVersion "1.4.8"]

1. d4 {[%clk 0:03:02]} d5 {[%clk 0:03:03]} 2. c4 {[%clk 0:03:03]} e6
{[%clk 0:03:04]} 3. Nc3 {[%clk 0:03:04]} Nf6 {[%clk 0:03:04]} 4. Bg5
{[%clk 0:03:05]} Be7 {[%clk 0:03:04]} 5. e3 {[%clk 0:03:00]} O-O {[%clk 0:03:02]}
6. Nf3 {[%clk 0:03:00]} b6 {[%clk 0:03:01]} 7. Rc1 {[%clk 0:03:01]} Bb7
{[%clk 0:03:01]} 8. Bxf6 {[%clk 0:02:48]} Bxf6 {[%clk 0:02:58]} 9. cxd5
{[%clk 0:02:48]} exd5 {[%clk 0:02:54]} 10. Bd3 {[%clk 0:02:31]} Nd7
{[%clk 0:02:40]} 11. h4 {[%clk 0:02:16]} c5 {[%clk 0:02:32]} 12. Ne2
{[%clk 0:02:09]} cxd4 {[%clk 0:02:24]} 13. Nexd4 {[%clk 0:02:07]} Nc5
{[%clk 0:02:23]} 14. Bb1 {[%clk 0:01:59]} Ne4 {[%clk 0:02:21]} 15. h5
{[%clk 0:01:48]} Qd6 {[%clk 0:02:19]} 16. O-O {[%clk 0:01:42]} Rac8
{[%clk 0:02:12]} 17. Qd3 {[%clk 0:01:36]} g6 {[%clk 0:02:03]} 18. a3
{[%clk 0:01:21]} a6 {[%clk 0:02:02]} 19. Qe2 {[%clk 0:00:54]} Rc5
{[%clk 0:01:59]} 20. g3 {[%clk 0:00:49]} Rfc8 {[%clk 0:01:59]} 21. Rcd1
{[%clk 0:00:50]} b5 {[%clk 0:01:51]} 22. Kg2 {[%clk 0:00:51]} Bg7
{[%clk 0:01:48]} 23. hxg6 {[%clk 0:00:50]} hxg6 {[%clk 0:01:46]} 24. Rh1
{[%clk 0:00:51]} Nf6 {[%clk 0:01:27]} 25. Ng5 {[%clk 0:00:48]} Qe5
{[%clk 0:01:24]} 26. Ngf3 {[%clk 0:00:43]} Qe7 {[%clk 0:01:22]} 27. Nd2
{[%clk 0:00:25]} R5c7 {[%clk 0:01:12]} 28. Qf3 {[%clk 0:00:26]} a5
{[%clk 0:01:02]} 29. Qf4 {[%clk 0:00:11]} b4 {[%clk 0:01:00]} 30. axb4
{[%clk 0:00:11]} axb4 {[%clk 0:01:01]} 31. Qh4 {[%clk 0:00:11]} Ne4
{[%clk 0:00:49]} 32. Qh3 {[%clk 0:00:06]} Nf6 {[%clk 0:00:46]} 33. N2f3
{[%clk 0:00:06]} b3 {[%clk 0:00:35]} 34. Bd3 {[%clk 0:00:07]} Rd8
{[%clk 0:00:34]} 35. Ra1 {[%clk 0:00:07]} Qd6 {[%clk 0:00:27]} 36. g4
{[%clk 0:00:07]} Ne4 {[%clk 0:00:24]} 37. Qg3 {[%clk 0:00:04]} Nxg3
{[%clk 0:00:23]} 38. fxg3 {[%clk 0:00:04]} Qb6 {[%clk 0:00:23]} 39. Ng5
{[%clk 0:00:04]} Re7 {[%clk 0:00:23]} 40. Kf3 {[%clk 0:00:04]} Rde8
{[%clk 0:00:23]} 0-1

[Event "Team Championship Russia (Blitz, Women)"]
[Site "Sochi"]
[Date "2018.10.10"]
[Round "5.8"]
[White "Seregina, Maria"]
[Black "Smirnova, Ekaterina"]
[Result "1-0"]
[BlackElo "1989"]
[WhiteElo "1740"]
[LiveChessVersion "1.4.8"]

1. f4 {[%clk 0:03:03]} d5 {[%clk 0:03:04]} 2. Nf3 {[%clk 0:03:04]} c5
{[%clk 0:03:05]} 3. g3 {[%clk 0:03:05]} Nc6 4. Bg2 Bg4 {[%clk 0:03:07]} 5. O-O
{[%clk 0:03:05]} Qd7 {[%clk 0:03:08]} 6. d3 {[%clk 0:02:38]} O-O-O
{[%clk 0:03:05]} 7. Nc3 {[%clk 0:02:24]} e6 {[%clk 0:02:48]} 8. h3
{[%clk 0:02:04]} Bh5 {[%clk 0:02:39]} 9. Qe1 {[%clk 0:01:49]} Bd6
{[%clk 0:02:29]} 10. e4 {[%clk 0:01:46]} d4 {[%clk 0:02:28]} 11. Nb5
{[%clk 0:01:41]} Bb8 {[%clk 0:02:23]} 12. g4 {[%clk 0:01:41]} Bg6
{[%clk 0:02:12]} 13. f5 {[%clk 0:01:41]} exf5 {[%clk 0:02:09]} 14. exf5
{[%clk 0:01:35]} Bxf5 {[%clk 0:02:10]} 15. gxf5 {[%clk 0:01:36]} Qxf5
{[%clk 0:02:06]} 16. Nfxd4 {[%clk 0:01:04]} Qd7 {[%clk 0:01:51]} 17. Nf3
{[%clk 0:00:46]} Nf6 {[%clk 0:01:50]} 18. Bg5 {[%clk 0:00:44]} Rhe8
{[%clk 0:01:49]} 19. Qh4 {[%clk 0:00:38]} a6 {[%clk 0:01:46]} 20. Nc3
{[%clk 0:00:36]} Re6 {[%clk 0:01:44]} 21. Na4 {[%clk 0:00:35]} Ba7
{[%clk 0:01:39]} 22. Kh1 {[%clk 0:00:24]} h6 {[%clk 0:01:34]} 23. Bxf6
{[%clk 0:00:21]} Rxf6 {[%clk 0:01:35]} 24. Qg3 {[%clk 0:00:21]} Rg6
{[%clk 0:01:32]} 25. Qh2 {[%clk 0:00:19]} Nd4 {[%clk 0:01:28]} 26. Nxd4
{[%clk 0:00:14]} cxd4 {[%clk 0:01:08]} 27. b3 {[%clk 0:00:15]} Bb8
{[%clk 0:01:04]} 28. Qg1 {[%clk 0:00:11]} b5 {[%clk 0:00:56]} 29. Nc5
{[%clk 0:00:10]} Qd6 {[%clk 0:00:29]} 30. Nb7 {[%clk 0:00:10]} Qc7
{[%clk 0:00:28]} 31. Nxd8 {[%clk 0:00:10]} Rg3 {[%clk 0:00:26]} 32. Rxf7
{[%clk 0:00:06]} Qxd8 {[%clk 0:00:22]} 33. Bb7# {[%clk 0:00:06]} 1-0

[Event "Team Championship Russia (Blitz, Women)"]
[Site "Sochi"]
[Date "2018.10.10"]
[Round "5.9"]
[White "Solozhenkina, Elizaveta"]
[Black "Ambartsumova, Karina"]
[Result "1/2-1/2"]
[BlackElo "2319"]
[WhiteElo "2134"]
[LiveChessVersion "1.4.8"]

1. Nf3 {[%clk 0:03:03]} Nf6 {[%clk 0:03:03]} 2. g3 {[%clk 0:03:05]} g6
{[%clk 0:03:03]} 3. Bg2 {[%clk 0:03:06]} Bg7 {[%clk 0:03:04]} 4. O-O
{[%clk 0:03:07]} O-O {[%clk 0:03:05]} 5. d4 {[%clk 0:03:08]} d6 {[%clk 0:03:05]}
6. Nc3 {[%clk 0:03:09]} d5 {[%clk 0:02:53]} 7. Re1 {[%clk 0:03:10]} c6
{[%clk 0:02:49]} 8. e4 {[%clk 0:03:07]} dxe4 {[%clk 0:02:50]} 9. Nxe4
{[%clk 0:03:08]} Nxe4 {[%clk 0:02:50]} 10. Rxe4 {[%clk 0:03:09]} Nd7
{[%clk 0:02:47]} 11. c3 {[%clk 0:03:05]} Re8 {[%clk 0:02:22]} 12. h3
{[%clk 0:02:48]} b6 {[%clk 0:02:14]} 13. Bf4 {[%clk 0:02:44]} Bb7
{[%clk 0:02:14]} 14. Re1 {[%clk 0:02:43]} e6 {[%clk 0:01:47]} 15. Ne5
{[%clk 0:02:34]} Nxe5 {[%clk 0:01:44]} 16. dxe5 {[%clk 0:02:18]} Qc7
{[%clk 0:01:32]} 17. Qf3 {[%clk 0:02:19]} h6 {[%clk 0:01:29]} 18. h4
{[%clk 0:02:19]} Rab8 {[%clk 0:01:29]} 19. Rad1 {[%clk 0:02:13]} c5
{[%clk 0:01:27]} 20. Qe3 {[%clk 0:02:12]} Bxg2 21. Kxg2 {[%clk 0:02:13]} Kh7
{[%clk 0:01:27]} 22. Rd6 {[%clk 0:02:10]} Bf8 {[%clk 0:01:25]} 23. Rd2
{[%clk 0:01:51]} Red8 {[%clk 0:01:22]} 24. Red1 {[%clk 0:01:52]} Qc6+
{[%clk 0:00:53]} 25. Kg1 Qc7 26. c4 {[%clk 0:00:59]} Bg7 {[%clk 0:00:41]} 27. b3
{[%clk 0:00:56]} Rxd2 {[%clk 0:00:41]} 28. Rxd2 {[%clk 0:00:34]} Rd8
{[%clk 0:00:41]} 29. Rd6 {[%clk 0:00:35]} Bf8 {[%clk 0:00:40]} 30. Rd3
{[%clk 0:00:33]} Bg7 {[%clk 0:00:37]} 31. Rd6 {[%clk 0:00:29]} Bf8
{[%clk 0:00:37]} 32. Rd3 {[%clk 0:00:28]} Bg7 {[%clk 0:00:38]} 33. Rd6
{[%clk 0:00:29]} Bf8 {[%clk 0:00:39]} 1/2-1/2

[Event "Team Championship Russia (Blitz, Women)"]
[Site "Sochi"]
[Date "2018.10.10"]
[Round "5.11"]
[White "Potapova, Margarita"]
[Black "Markelova, Lubov"]
[Result "1-0"]
[BlackElo "2033"]
[WhiteElo "2099"]
[LiveChessVersion "1.4.8"]

1. d4 {[%clk 0:03:03]} d5 {[%clk 0:03:04]} 2. c4 {[%clk 0:03:04]} c6
{[%clk 0:03:05]} 3. Nc3 {[%clk 0:03:05]} Nf6 {[%clk 0:03:07]} 4. cxd5
{[%clk 0:03:06]} cxd5 {[%clk 0:03:08]} 5. Bf4 {[%clk 0:03:07]} Nc6
{[%clk 0:03:07]} 6. e3 {[%clk 0:03:08]} Bf5 {[%clk 0:03:08]} 7. Qb3
{[%clk 0:03:08]} Na5 8. Qa4+ Bd7 {[%clk 0:03:09]} 9. Qc2 {[%clk 0:03:12]} e6
{[%clk 0:03:03]} 10. Nf3 {[%clk 0:03:12]} Be7 {[%clk 0:03:02]} 11. Bd3
{[%clk 0:03:12]} Nc6 {[%clk 0:03:03]} 12. a3 {[%clk 0:03:13]} Nh5
{[%clk 0:02:53]} 13. Be5 {[%clk 0:03:14]} f6 {[%clk 0:02:50]} 14. Bg3
{[%clk 0:03:16]} f5 {[%clk 0:02:51]} 15. Be5 {[%clk 0:03:17]} Nf6
{[%clk 0:02:43]} 16. h3 {[%clk 0:03:18]} O-O {[%clk 0:02:05]} 17. g4
{[%clk 0:03:20]} Ne4 {[%clk 0:02:06]} 18. gxf5 {[%clk 0:03:20]} Rxf5
{[%clk 0:01:57]} 19. Bxe4 {[%clk 0:03:21]} dxe4 20. Qxe4 {[%clk 0:03:22]} Qf8
{[%clk 0:01:14]} 21. Rg1 {[%clk 0:02:29]} g6 {[%clk 0:00:43]} 22. Bf4
{[%clk 0:02:10]} Bf6 {[%clk 0:00:17]} 23. O-O-O {[%clk 0:01:51]} Ne7
{[%clk 0:00:18]} 24. Qd3 {[%clk 0:01:41]} Rc8 {[%clk 0:00:15]} 25. Kb1
{[%clk 0:01:43]} Bc6 {[%clk 0:00:11]} 26. Nh2 {[%clk 0:01:24]} Nd5
{[%clk 0:00:05]} 27. Nxd5 {[%clk 0:01:11]} Bxd5 {[%clk 0:00:06]} 28. Ng4
{[%clk 0:01:07]} Bg7 {[%clk 0:00:06]} 29. Bg3 {[%clk 0:01:01]} Bf3
{[%clk 0:00:05]} 30. Rc1 {[%clk 0:00:59]} Bxg4 {[%clk 0:00:06]} 31. hxg4
{[%clk 0:00:58]} Rf7 {[%clk 0:00:07]} 32. Qe4 {[%clk 0:00:54]} Qe8
{[%clk 0:00:06]} 33. Rxc8 {[%clk 0:00:53]} Qxc8 {[%clk 0:00:07]} 34. Rc1
{[%clk 0:00:54]} Qe8 {[%clk 0:00:07]} 35. d5 {[%clk 0:00:50]} Re7
{[%clk 0:00:07]} 36. d6 {[%clk 0:00:44]} Rd7 {[%clk 0:00:08]} 37. Be5
{[%clk 0:00:43]} Bxe5 {[%clk 0:00:08]} 38. Qxe5 {[%clk 0:00:44]} Qd8
{[%clk 0:00:08]} 39. Qxe6+ {[%clk 0:00:43]} Kg7 {[%clk 0:00:08]} 40. Qe5+
{[%clk 0:00:39]} Kg8 {[%clk 0:00:09]} 41. Rd1 {[%clk 0:00:35]} a6
{[%clk 0:00:10]} 42. f4 {[%clk 0:00:34]} Kf7 {[%clk 0:00:09]} 43. f5
{[%clk 0:00:35]} Qe8 {[%clk 0:00:08]} 44. fxg6+ {[%clk 0:00:34]} hxg6
{[%clk 0:00:09]} 45. Rf1+ {[%clk 0:00:35]} 1-0